Anything you ask / (Record no. 3538)

MARC details
000 -LEADER
fixed length control field 00789cam a2200277 i 4500
001 - CONTROL NUMBER
control field 3707097
003 - CONTROL NUMBER IDENTIFIER
control field GBCCL
005 - DATE AND TIME OF LATEST TRANSACTION
control field 20241126110457.0
008 - FIXED-LENGTH DATA ELEMENTS--GENERAL INFORMATION
fixed length control field 800204s1978 enk b 000 0 eng
010 ## -
-- 79322620
015 ## -
-- GB***
020 ## - INTERNATIONAL STANDARD BOOK NUMBER
International Standard Book Number 0340233486 :
Terms of availability £1.00
040 ## - CATALOGING SOURCE
Original cataloging agency DLC
Transcribing agency DLC
Modifying agency DLC
050 00 -
-- BV4501.2
-- .U76
082 00 - DEWEY DECIMAL CLASSIFICATION NUMBER
Classification number 248.4
Item number URG
100 1# - MAIN ENTRY--PERSONAL NAME
Personal name Urquhart, Colin.
9 (RLIN) 7080
245 10 - TITLE STATEMENT
Title Anything you ask /
Statement of responsibility, etc. by Colin Urquhart.
260 ## - PUBLICATION, DISTRIBUTION, ETC.
Place of publication, distribution, etc. London :
Name of publisher, distributor, etc. Hodder and Stoughton,
Date of publication, distribution, etc. 1978.
300 ## - PHYSICAL DESCRIPTION
Extent 220 p. ;
Dimensions 18 cm.
490 0# - SERIES STATEMENT
Series statement Hodder Christian paperbacks
504 ## - BIBLIOGRAPHY, ETC. NOTE
Bibliography, etc. note Includes bibliographical references.
650 #0 - SUBJECT ADDED ENTRY--TOPICAL TERM
Topical term or geographic name entry element Christian life.
9 (RLIN) 183
650 #0 - SUBJECT ADDED ENTRY--TOPICAL TERM
Topical term or geographic name entry element Prayer
General subdivision Christianity.
9 (RLIN) 227
906 ## - LOCAL DATA ELEMENT F, LDF (RLIN)
a 7
b cbc
c orignew
d 4
e ncip
f 19
g y-gencatlg
942 ## - ADDED ENTRY ELEMENTS (KOHA)
Source of classification or shelving scheme Dewey Decimal Classification
Koha item type Books
Holdings
Withdrawn status Lost status Source of classification or shelving scheme Damaged status Not for loan Home library Current Library Shelving location Date acquired Total checkouts Full call number Barcode Date last seen Copy number Price effective from Koha item type
    Dewey Decimal Classification     GRACE BIBLE COLLEGE GRACE BIBLE COLLEGE Ministry & Mission 2017-11-29   248.4 URG 009875 2025-05-01 c.1 2017-11-29 Books
© Grace Bible College Library 2025